Can you name the Simpsons character? - Statistics

General Stats
  • This quiz has been taken 17 times
  • The average score is 8 of 12
Answer Stats
Picture Answer % Correct
Akira
100%
Declan Desmond
100%
Frankie The Squealer
100%
Herman Hermann
100%
Karl
100%
Russ Cargill
100%
Ben the Bear
50%
Harlan Dondelinger
50%
Lucille Botzcowski
50%
Samantha Stankey
50%
Francine Rhenquist
0%
Stacey Lovell
0%
No matching quizzes found
Score Distribution
Percent of People with Each Score
Percentile by Number Answered
Your Score History
You have not taken this quiz